An introduction to multiagent systems
Saved in:
| Hovedforfatter: | |
|---|---|
| Format: | Bog |
| Sprog: | engelsk |
| Udgivet: |
Chichester
John Wiley
2002
|
| Udgivelse: | 1a. ed |
| Fag: | |
| Tags: |
Tilføj Tag
Ingen Tags, Vær først til at tagge denne postø!
|
MARC
| LEADER | 00000nam a2200000 a 4500 | ||
|---|---|---|---|
| 001 | UCK2452 | ||
| 003 | CL-VaPUC | ||
| 008 | 050113e20020000UK |||||||||||||||||eng|d | ||
| 020 | |a 047149691X | ||
| 082 | 0 | 4 | |a 006.3 |b WOO |2 21 |
| 100 | 0 | |a Wooldridge, Michael |e author |9 490290 | |
| 245 | 1 | 3 | |a An introduction to multiagent systems |
| 250 | |a 1a. ed | ||
| 300 | |a 348 p | ||
| 942 | |c BK | ||
| 945 | |d 20050113 00:00:00 |a vberengu | ||
| 260 | |a Chichester |b John Wiley |c 2002 | ||
| 650 | 7 | |a INTELIGENCIA ARTIFICIAL |2 CL-VaPUC |9 490291 | |
| 583 | |a last modification |c 20050113 00:00:00 |k Rodrigo Vera | ||
| 999 | |c 311968 |d 311966 | ||
| 952 | |0 0 |1 0 |4 0 |6 006_300000000000000_WOO_2002 |7 0 |8 A |9 381742 |a BIBING |b BIBING |d 2019-11-21 |i 4093577 |o 006.3 WOO 2002 |p 4093577 |r 2025-01-20 |w 2019-11-21 |y BK |k EII | ||